Law of contract / (Record no. 8545)
[ view plain ]
| 000 -LEADER | |
|---|---|
| fixed length control field | 00616nam a22002297a 4500 |
| 001 - CONTROL NUMBER | |
| control field | 22646 |
| 003 - CONTROL NUMBER IDENTIFIER | |
| control field | BD-DhUAP |
| 005 - DATE AND TIME OF LATEST TRANSACTION | |
| control field | 20250305123758.0 |
| 008 - FIXED-LENGTH DATA ELEMENTS--GENERAL INFORMATION | |
| fixed length control field | 250305b20042023bg a|||| |||| 00| 0ceng d |
| 020 ## - INTERNATIONAL STANDARD BOOK NUMBER | |
| International Standard Book Number | 9843218860 |
| 040 ## - CATALOGING SOURCE | |
| Original cataloging agency | BD-DhUAP |
| Language of cataloging | eng |
| Transcribing agency | BD-DhUAP |
| Modifying agency | BD-DhUAP |
| 082 ## - DEWEY DECIMAL CLASSIFICATION NUMBER | |
| Edition number | 23 |
| Classification number | 346.022 HAQ |
| 100 ## - MAIN ENTRY--PERSONAL NAME | |
| Personal name | Haque, Muhammad Ekramul. |
| 245 ## - TITLE STATEMENT | |
| Title | Law of contract / |
| Statement of responsibility, etc. | Muhammad Ekramul Haque. |
| 250 ## - EDITION STATEMENT | |
| Edition statement | 4th ed. |
| 260 ## - PUBLICATION, DISTRIBUTION, ETC. | |
| Place of publication, distribution, etc. | Dhaka : |
| Name of publisher, distributor, etc. | Law Lyceum, |
| Date of publication, distribution, etc. | 2023. |
| 300 ## - PHYSICAL DESCRIPTION | |
| Extent | xxiv, 822 pages ; |
| Other physical details | 22 cm. |
| 440 ## - SERIES STATEMENT/ADDED ENTRY--TITLE | |
| Title | Text book series. |
| 500 ## - GENERAL NOTE | |
| General note | Includes index. |
| 650 ## - SUBJECT ADDED ENTRY--TOPICAL TERM | |
| Topical term or geographic name entry element | Contracts |
| General subdivision | Law. |
| 942 ## - ADDED ENTRY ELEMENTS (KOHA) | |
| Source of classification or shelving scheme | |
| Koha item type | Book |
| Withdrawn status | Lost status | Source of classification or shelving scheme | Damaged status | Not for loan | Permanent Location | Current Location | Shelving location | Date acquired | Total Checkouts | Total Renewals | Full call number | Barcode | Date due | Date last seen | Date last checked out | Copy number | Cost, replacement price | Price effective from | Koha item type |
|---|---|---|---|---|---|---|---|---|---|---|---|---|---|---|---|---|---|---|---|
| UAP Central Library | UAP Central Library | General Stacks | 2025-03-05 | 3 | 5 | 346.022 HAQ | 3010022646 | 2026-05-25 | 2026-04-12 | 2026-04-12 | 1 | 550.00 | 2025-03-05 | Book | |||||
| UAP Central Library | UAP Central Library | General Stacks | 2025-03-05 | 3 | 346.022 HAQ | 3010022647 | 2026-06-18 | 2026-06-04 | 2026-06-04 | 2 | 550.00 | 2025-03-05 | Book | ||||||
| UAP Central Library | UAP Central Library | General Stacks | 2025-03-05 | 1 | 346.022 HAQ | 3010022648 | 2026-05-12 | 2026-04-30 | 3 | 550.00 | 2025-03-05 | Book | |||||||
| UAP Central Library | UAP Central Library | General Stacks | 2025-03-05 | 3 | 6 | 346.022 HAQ | 3010022649 | 2026-05-21 | 2026-04-08 | 2026-04-08 | 4 | 550.00 | 2025-03-05 | Book | |||||
| UAP Central Library | UAP Central Library | General Stacks | 2025-03-05 | 2 | 4 | 346.022 HAQ | 3010022650 | 2026-03-02 | 2026-01-26 | 5 | 550.00 | 2025-03-05 | Book | ||||||
| UAP Central Library | UAP Central Library | General Stacks | 2025-03-05 | 2 | 2 | 346.022 HAQ | 3010022651 | 2025-08-31 | 2025-08-28 | 6 | 550.00 | 2025-03-05 | Book | ||||||
| UAP Central Library | UAP Central Library | General Stacks | 2025-03-05 | 6 | 4 | 346.022 HAQ | 3010022652 | 2026-06-15 | 2026-05-18 | 2026-05-18 | 7 | 550.00 | 2025-03-05 | Book | |||||
| UAP Central Library | UAP Central Library | General Stacks | 2025-03-05 | 3 | 2 | 346.022 HAQ | 3010022653 | 2026-04-28 | 2026-04-15 | 8 | 550.00 | 2025-03-05 | Book | ||||||
| UAP Central Library | UAP Central Library | General Stacks | 2025-03-05 | 2 | 2 | 346.022 HAQ | 3010022654 | 2025-11-03 | 2025-09-15 | 9 | 550.00 | 2025-03-05 | Book | ||||||
| UAP Central Library | UAP Central Library | General Stacks | 2025-03-05 | 2 | 3 | 346.022 HAQ | 3010022655 | 2026-02-26 | 2026-01-28 | 2026-01-28 | 10 | 550.00 | 2025-03-05 | Book |
Bengali Keyboard